=LDR 00000nam 2200000 4500 =001 INLIS000000000014730 =005 20130612110016 =008 ***********************************Ind** =035 ##$$0010-061300000014730 =041 ##$$a Ind =082 ##$$a 297.31 =090 ##$$a 297.31, Tri m =100 ##$$a Triguno =245 ##$$a mencerahkan cahaya hati, Triguno =260 ##$$a 2003 $b Jakarta =300 ##$$a x, 130 hlm, 17 cm =650 ##$$a Iman =850 ##$$a NBPNMAT